| 000 | 01362nam a2200229 a 4500 | ||
|---|---|---|---|
| 008 | 190715s2013 ||||||||||||||||| || u | ||
| 020 | _a9780080982427 | ||
| 050 | _aTL 570 Coo | ||
| 100 | _aCook, Michael V | ||
| 245 | 1 | 0 |
_aFlight dynamics principles : a linear systems approach to aircraft stability and control. ( 3rd edition) _cBy Michael V. Cook |
| 250 | _a3rd edition | ||
| 260 |
_aAmsterdam _bElsevier _c2013 |
||
| 300 | _axxxi, 575 pages : illustrations | ||
| 650 | 0 | _aAERODYNAMICS | |
| 650 | _aSTABILITY AND AIRPLANES | ||
| 650 | 0 | _aFLIGHT CONTROL | |
| 995 |
_aMAIN LIBRARY OPEN ACCESS _D45.29 _e749430 _FCBU-MAIN LIBRARY (Kitwe) _jTL 570 Coo _M1 _UAVAILABLE _WJul 16, 2019 _y749430 _ZMain Library Open Access Collection |
||
| 995 |
_aMAIN LIBRARY OPEN ACCESS _D45.29 _e749429 _FCBU-MAIN LIBRARY (Kitwe) _jTL 570 Coo _M2 _UAVAILABLE _WJul 16, 2019 _y749429 _ZMain Library Open Access Collection |
||
| 995 |
_aMAIN LIBRARY OPEN ACCESS _D45.29 _e749428 _FCBU-MAIN LIBRARY (Kitwe) _jTL 570 Coo _M3 _UAVAILABLE _WJul 16, 2019 _y749428 _ZMain Library Open Access Collection |
||
| 995 |
_aSHORT LOAN BOOKS _e750113 _FCBU-MAIN LIBRARY (Kitwe) _jTL 570 Coo _M5 _UAVAILABLE _WNov 27, 2019 _y750113 _ZShort Loan Collection |
||
| 995 |
_aMAIN LIBRARY OPEN ACCESS _D45.29 _e749427 _FCBU-MAIN LIBRARY (Kitwe) _jTL 570 Coo _M4 _UAVAILABLE _WJul 16, 2019 _y749427 _ZMain Library Open Access Collection |
||
| 999 |
_c63174 _d63174 |
||